000 00508cam a22001457a 4500
008 180718b1960 xxu||||| |||| 00| 0 eng d
082 _aA6x5691 Z35
100 _aZeine, Zeine N.
245 _aStruggle for Arab independence.
_cby Zeine N. Zeine
260 _aBeirut
_bKhayat's
_c1960
300 _axiii, 297p
650 _aMiddle East -Politics and government.
650 _aFrance -Foreign relations -Middle East
650 _aSyria -History. [from old catalog] Great Britain -Foreign relations -Middle East
999 _c412860
_d412860